Histoire de la Turquie - Statistiques

Statistiques générales
  • Ce quiz a été pris 48 fois
  • Le résultat moyen est 3 sur 15
Statistiques - réponses
Hint Réponse % Correct
Prise de Constantinople par Mehmed II(date) 1453
74%
Qui devient président de la Républiqueturque Atatürk
67%
Date du Génocide arménien 1915
52%
Dates de l'ère Erdogan 2002-
29%
Peuple, dont les turcs descendent, quihabitaient les steppes asiatiques Gökturk
24%
Date des manifestations du parc de Gezi 2013
21%
Ensemble de réformes qui permettentà l'empire de passer à une période con- temporaine les Tanzimat
19%
Deuxième traité (nom + date) Traité de Lausanne, 1923
12%
Premier traité (nom + date) Traité de Sèvres, 1920
10%
Un mouvement défait le dirigeant en place(quel mouvement + date) Jeunes Turcs, 1908
7%
Fondateur de l'empire ottoman (+ date) Osman Ier, 1299
7%
Règne de Soliman le Magnifique (dates) 1420-1465
2%
Deuxième siège de Vienne et début dudéclin territorial ottoman (date) 1683
2%
Nouvelle constitution, vite abolie pour unedictature (qui + date) Abdulhamid II, 1878
2%
Bataille qui permet l'installation des Seldjoukides en péninsule turque (+ date) Bataille de Manzikert, 1071
2%
Aucun quiz correspondant
Distribution des résultats
% des personnes avec chaque résultat
Percentile par nombre de réponses
Votre historique - résultats
Vous n’avez pas pris ce quiz